| 000 | 00585nam a22001817a 4500 | ||
|---|---|---|---|
| 003 | SISC | ||
| 005 | 20160707125418.0 | ||
| 008 | 160707b xxu||||| |||| 00| 0 eng d | ||
| 020 | _a9780021187133 | ||
| 050 | _aLB 1573 .Au923 2014 | ||
| 245 |
_aMCGraw-Hill reading wonders. _bGrade 6. / _cDiane August et al. |
||
| 260 |
_aNew York : _bMcGraw-Hill Co., _cc2014 |
||
| 300 |
_a480 p. : _bcol. ill. ; _c25 cm. |
||
| 650 | _aReading (Elementary) -- Textbooks. | ||
| 650 | _aLanguage arts (Elementary) -- Textbooks. | ||
| 650 | _aLanguage arts (Elementary). | ||
| 942 |
_2lcc _cBK |
||
| 999 |
_c296217 _d296217 |
||